000
00237nam a22001217a 4500
041
_a
ENG
100
_a
A.Gureuich
245
_a
Tractors
260
_a
Delhi
_b
MIR Pub
_c
1967
300
_a
516
650
_a
FMP (23)
856
_u
FMP (23)
999
_c
2737
_d
2737